Khảo sát khả năng ức chế sự tổng hợp β-Hematin của một số cây thuốc ở Đồng bằng sông Cửu Long : Chuyên ngành Sinh thái học
Nội dung đề tài là sàng lọc các cao chiết từ một số cây có vị thuốc ở vùng ĐBSCL có hoạt tính kháng sốt rét thông qua sự ức chế quá trình biến đổi heme thành β-Hematin (BH).
Spremljeno u:
| Glavni autor: | |
|---|---|
| Format: | Knjiga |
| Jezik: | Undetermined |
| Izdano: |
Cần Thơ
Trường Đại học Cần Thơ
2009
|
| Teme: | |
| Oznake: |
Dodaj oznaku
Bez oznaka, Budi prvi tko označuje ovaj zapis!
|
| Thư viện lưu trữ: | Trung tâm Học liệu Trường Đại học Cần Thơ |
|---|
| LEADER | 01241nam a2200229Ia 4500 | ||
|---|---|---|---|
| 001 | CTU_154492 | ||
| 008 | 210402s9999 xx 000 0 und d | ||
| 082 | |a 615.32 | ||
| 082 | |b M254 | ||
| 088 | |a 60420120 | ||
| 100 | |a Trần, Thanh Mến | ||
| 245 | 0 | |a Khảo sát khả năng ức chế sự tổng hợp β-Hematin của một số cây thuốc ở Đồng bằng sông Cửu Long : | |
| 245 | 0 | |b Chuyên ngành Sinh thái học | |
| 245 | 0 | |c Trần Thanh Mến; Đái Thị Xuân Trang (Hướng dẫn khoa học) | |
| 260 | |a Cần Thơ | ||
| 260 | |b Trường Đại học Cần Thơ | ||
| 260 | |c 2009 | ||
| 520 | |a Nội dung đề tài là sàng lọc các cao chiết từ một số cây có vị thuốc ở vùng ĐBSCL có hoạt tính kháng sốt rét thông qua sự ức chế quá trình biến đổi heme thành β-Hematin (BH). | ||
| 650 | |a Plant extracts,Botanical chemistry,Plant extracts,Materia medica, Vegetable,Hoá thực vật học,Cao thực vật | ||
| 650 | |x Pharmacology,Biosynthesis,Sinh tổng hợp | ||
| 904 | |i Năm | ||
| 980 | |a Trung tâm Học liệu Trường Đại học Cần Thơ | ||